000 00570nam a22001937a 4500
005 20251108170829.0
008 250721s1987 xx 000 0 ara d
082 1 4 _aط/ 388.34/ مطل
100 1 _aمطلق، رفيق
_eمؤلف
245 1 0 _aالسيارات /
264 1 _aبيروت :
_bمكتبة لبنان،
_c1987.
300 _a32ص.
490 0 _aسلسة كتب الفراشة
650 1 7 _aالسيارات
650 1 7 _aوسائط النقل
653 _aاطفال مرحله متوسطه (6-9) سنوات
942 _2ddc
_cBK
999 _c50019
_d50019